| 000 | 00326nam a22001337a 4500 | ||
|---|---|---|---|
| 003 | SGT | ||
| 020 | _a978-981-5049-76-3 | ||
| 082 |
_a507 _bKAT |
||
| 100 | _aKATTI, AAVISHKAR | ||
| 245 | _aPHOTONIC MATERIALS RECENT CHANGES AND EMERGING APPLICATIONS | ||
| 260 |
_aSINGAAPORE _bBENTHAM _c2023 |
||
| 300 | _a313 | ||
| 942 |
_2ddc _cBK |
||
| 999 |
_c24607 _d24607 |
||